| 000 | 01033cab a2200181 4500 | ||
|---|---|---|---|
| 001 | ##L133282 | ||
| 008 | 060426n2006 000 0 eng u | ||
| 035 | _a(Sirsi) u133282 | ||
| 041 | 0 | _aeng | |
| 100 | 1 | _aDixon, Tim | |
| 245 | 0 | 4 | _aThe impact of information and communications technology on commercial real estate in the new economy |
| 260 | _c2006 | ||
| 490 | 0 |
_aJournal of Property Investment and Finance _v23(6) 2005, 480-493(14) |
|
| 520 | _aAnalyses of conceptual frameworks that have been developed for assessing the impact of Information and Communications Technology (ICT) on real estate. The methodology includes a critical review of existing literature and draws from examples of previous empirical studies. The results suggest that a socio-technical framework is more appropriate to examine ICT impact in real estate than other deterministic frameworks. Therefore, ICT is an important part of the new economy. | ||
| 590 | _aIKA090506 | ||
| 690 | _aPROPERTY-COMMERCIAL PROPERTY-CORPORATE REAL ESTATE | ||
| 942 | _n0 | ||
| 999 |
_c76906 _d76906 |
||